[Event "ROM-ch (Women)"]
[Site "?"]
[Date "1992.??.??"]
[Round "3"]
[White "Stanciu, Gabriela"]
[Black "Caravan, Mariana"]
[Result "1-0"]
[WhiteElo "2260"]
[BlackElo "2105"]

1.Nf3 d5 2.c4 c6 3.d4 Nf6 4.Nc3 g6 5.Bf4 Bg7 6.e3 O-O 7.Bd3 b6 8.O-O Bb7
9.Qe2 Nbd7 10.cxd5 Nxd5 11.Nxd5 cxd5 12.Ba6 Bxa6 13.Qxa6 Re8 14.Qb7 e5 15.Bg5 Bf6
16.Bxf6 Nxf6 17.Nxe5 Re7 18.Qa6 Rc7 19.Rac1 Qc8 20.Qxc8+ Raxc8 21.Rxc7 Rxc7
22.Nd3 Rc2 23.Rd1 Ne4 24.Kf1 a5 25.Ke1 Kg7 26.f3 Nd6 27.Rd2 Rc8 28.Kf2 g5
29.Ne1 f5 30.Rc2 Rxc2+ 31.Nxc2 Kf6 32.Ke2 Ke6 33.a4 Nc4 34.b3 Nd6 35.Na3 f4
36.Nb5 Nf5 37.e4 dxe4 38.fxe4 Nh4 39.Kf2 h5 40.Nc7+ Kd6 41.Nd5 Kc6 42.Nf6 Ng6
43.Nxh5 Nf8 44.Kf3 Kd6 45.Ng7 Ke7 46.Kg4 Kf6 47.Ne8+ Ke7 48.Nc7 Kd7 49.Nd5 Ne6
50.Nxb6+ Kc7 51.Nc4 Nxd4 52.Nxa5 Ne6 53.Kf5 Nd4+ 54.Kxg5 f3 55.gxf3 Nxf3+
56.Kf4 Nxh2 57.Nc4  1-0

[Event "ROM-chT"]
[Site "?"]
[Date "1992.??.??"]
[Round "?"]
[White "Neamtu, Serban"]
[Black "Chirila, Radu Catalin"]
[Result "1/2-1/2"]
[WhiteElo "2350"]
[BlackElo "2280"]

1.Nf3 d5 2.c4 c6 3.d4 Nf6 4.Qc2 g6 5.Bf4 Bf5 6.Qb3 Qb6 7.e3 Bg7 8.c5 Qa5+
9.Nbd2 b6 10.cxb6 axb6 11.Bd3 Bxd3 12.Qxd3 O-O 13.O-O Nbd7 14.Rfc1 c5 15.Ne5 Nxe5
16.Bxe5 Nd7 17.Bxg7 Kxg7 18.e4 e6 19.h4  1/2-1/2

[Event "ROM-chT"]
[Site "?"]
[Date "1992.??.??"]
[Round "?"]
[White "Hegedus, Iuliu"]
[Black "Ionescu, Mihai"]
[Result "1/2-1/2"]
[WhiteElo "2290"]
[BlackElo "2255"]

1.Nf3 d5 2.c4 c6 3.b3 Nf6 4.Bb2 Bf5 5.g3 e6 6.Bg2 Nbd7 7.O-O Bc5 8.a3 a5
9.Nc3 h6 10.d3 O-O 11.Qd2 Qe7 12.Rfc1 dxc4 13.e4 Bg4 14.d4 Ba7 15.bxc4 Bxf3
16.Bxf3 e5 17.d5 Nc5 18.Qc2 a4 19.Rf1 Nb3 20.Rae1 Nd4 21.Qd3 Nxf3+ 22.Qxf3 Bd4
23.Rb1 Qc5 24.Qd3 Rfc8 25.Ne2 Bxb2 26.Rxb2 b5 27.Rc1 Qd6 28.c5 Qd7 29.d6 Qh3
30.Qf3 Nd7 31.Rc3 g6 32.Qg2 Qxg2+ 33.Kxg2 f5 34.f3 fxe4 35.fxe4 Rf8 36.Nc1 Kf7
37.Nd3 Ke6 38.Nb4 Nb8 39.Rf2 Rxf2+ 40.Kxf2 Ra7 41.Ke2 Rf7 42.Rf3 Rxf3 43.Kxf3 Kf6
44.Ke3 g5 45.Kf3 h5 46.h3 Kf7 47.Ke3 Kf6 48.Kd2 Kf7 49.Nd3 Kf6 50.Kc3 Na6
51.Kc2 Ke6 52.Kd2 Nb8 53.Nb4 Kf7 54.Nd3 Kf6 55.Kc2 Ke6 56.Kc3 Na6 57.g4 hxg4
58.hxg4 Kf6 59.Nxe5 Nxc5 60.d7 Ke7 61.Nxc6+ Kxd7 62.Ne5+ Ke6 63.Nf3 Nxe4+  1/2-1/2

[Event "ROM-chT"]
[Site "?"]
[Date "1992.??.??"]
[Round "?"]
[White "Stanciu, Gabriela"]
[Black "Skripchenko, Almira"]
[Result "1-0"]
[WhiteElo "2250"]
[BlackElo "2155"]

1.Nf3 d5 2.c4 c6 3.Qc2 Nf6 4.g3 Bg4 5.Bg2 e6 6.b3 Nbd7 7.Bb2 Bd6 8.O-O O-O
9.d3 a5 10.Nc3 Qe7 11.cxd5 Nxd5 12.a3 e5 13.Nd1 f5 14.e3 Qf7 15.e4 Qh5 16.exd5 Bxf3
17.dxc6 bxc6 18.Qc4+ Rf7 19.Qe6 Bc7 20.Rc1 c5 21.Bxf3 Qxf3 22.Ne3 Rf8 23.Nd5 Bb8
24.Ne7+ Kh8 25.Qxd7 f4 26.Rxc5 e4 27.Rc8 Qh5 28.Rxf8+ Rxf8 29.Nf5  1-0

[Event "Sao Paulo op"]
[Site "Sao Paulo"]
[Date "1992.??.??"]
[Round "?"]
[White "Man Yee, Chow"]
[Black "Slipak, Sergio"]
[Result "0-1"]
[WhiteElo "2285"]
[BlackElo "2430"]

1.Nf3 d5 2.c4 dxc4 3.Qa4+ Nc6 4.e3 g6 5.Bxc4 Bg7 6.d4 Nf6 7.Nc3 O-O 8.d5 Nb8
9.O-O Nbd7 10.Rd1 Nb6 11.Qb3 Nxc4 12.Qxc4 e6 13.e4 exd5 14.exd5 Bg4 15.Qf4 Qc8
16.h3 Bf5 17.Be3 c5 18.Rac1 b6 19.b4 cxb4 20.Qxb4 Qa6 21.Bd4 Rfd8 22.Qb2 b5
23.g4 b4 24.Qxb4 Rab8 25.Qc5 Ne4 26.Nxe4 Bxe4 27.Bxg7 Bxf3 28.Bh6 Bxd1 29.Rxd1 Qf6
30.Qc1 Rd7 31.Bf4 Re8 32.d6 Qe6 33.a3 h5 34.gxh5 Qxh3 35.Bg3 Qxh5 36.Re1 Red8
37.Qc3 Qf5 38.Re3 Qg4 39.Kh2 Rb8 40.Qf6 Qf5 41.Qd4 Rdd8 42.Re5 Qf3 43.Re3 Qh5+
44.Kg2 Rb1 45.Bh2 Rd1 46.Qf6 Qg4+ 47.Rg3 R8xd6 48.Qe7  0-1

[Event "Sao Paulo op"]
[Site "Sao Paulo"]
[Date "1992.??.??"]
[Round "?"]
[White "Slipak, Sergio"]
[Black "Disconzi da Silva, Rodrigo"]
[Result "1/2-1/2"]
[WhiteElo "2430"]
[BlackElo "2280"]

1.Nf3 d5 2.c4 e6 3.d4 c6 4.g3 f5 5.Bf4 Nf6 6.Bg2 Be7 7.O-O O-O 8.Nbd2 Nbd7
9.Ne5 Qe8 10.Qc2 Nxe5 11.Bxe5 Ng4 12.Nf3 Bd7 13.Qb3 b6 14.e3 Qh5 15.Rac1 Rfc8
16.Rc2 Qe8 17.Qd3 b5 18.cxb5 c5 19.a4 c4 20.Qd2 Qd8 21.b3 cxb3 22.Rb2 Rc4
23.Rxb3 Rxa4 24.Rc1 Rc8 25.h3 Nf6 26.Bxf6 gxf6 27.Bf1 Rxc1 28.Qxc1 Bd6 29.Qc3 Ra2
30.Ne1 Qb8 31.Ng2 Qc7 32.Qxc7 Bxc7 33.Nf4 Bb6 34.Nd3 Rc2 35.Nb2 Ba5 36.Nd3 Ra2
37.Nc5 Bc8 38.Rb1 Rc2 39.Ra1 Bb6 40.Na4 Ba5 41.Bd3 Rc7 42.Nc5 Bb6 43.Na4 Ba5
44.Nc5  1/2-1/2

[Event "Sevilla Expo92"]
[Site "Sevilla"]
[Date "1992.??.??"]
[Round "1"]
[White "Franco Ocampo, Zenon"]
[Black "Sisniega, Marcel"]
[Result "0-1"]
[WhiteElo "2520"]
[BlackElo "2525"]

1.Nf3 d5 2.c4 e6 3.e3 Nf6 4.b3 c5 5.Bb2 Nc6 6.cxd5 exd5 7.Bb5 Bd6 8.O-O O-O
9.d4 cxd4 10.exd4 Bg4 11.Be2 Re8 12.Nbd2 Qc7 13.h3 Bh5 14.Re1 Re7 15.Rc1 Bf4
16.Rc5 Rae8 17.g4 Bg6 18.Bf1 h5 19.Rxe7 Qxe7 20.g5 Ne4 21.Rxd5 Nxd2 22.Nxd2 Qe1  0-1

[Event "Sevilla op"]
[Site "Sevilla"]
[Date "1992.??.??"]
[Round "3"]
[White "Illescas Cordoba, Miguel"]
[Black "Alawieh, Amine"]
[Result "1-0"]
[WhiteElo "2555"]
[BlackElo "2360"]

1.Nf3 d5 2.c4 c6 3.d4 Nf6 4.Nc3 g6 5.Bf4 Bg7 6.e3 O-O 7.Qb3 Qa5 8.Bd3 dxc4
9.Bxc4 b5 10.Bxf7+ Rxf7 11.Bxb8 Rxb8 12.Ne5 e6 13.Nxc6 Qb6 14.Nxb8 Qxb8 15.Qxb5 Qd6
16.Qe2 Ba6 17.Qd2 Nd5 18.Ne4 Qb6 19.a3 Rc7 20.Rc1 Rxc1+ 21.Qxc1 Bxd4 22.exd4 Qxd4
23.f3 Qd3 24.Ng3 Ne3 25.Kf2 Nc4 26.Rd1 Nxb2 27.Rd2  1-0

[Event "Sitges op"]
[Site "Sitges"]
[Date "1992.??.??"]
[Round "3"]
[White "Fernandez, Juan Luis"]
[Black "Semkov, Semko"]
[Result "0-1"]
[WhiteElo "2290"]
[BlackElo "2480"]

1.Nf3 d5 2.c4 e6 3.d4 c6 4.e3 Nf6 5.Nbd2 c5 6.cxd5 Nxd5 7.Bb5+ Bd7 8.Bxd7+ Nxd7
9.O-O Be7 10.e4 N5f6 11.d5 exd5 12.e5 Ng4 13.Qa4 Nh6 14.Nb1 d4 15.Bxh6 gxh6
16.Nbd2 O-O 17.Qc2 Qb6 18.Rfe1 Kh8 19.Ne4 Qg6 20.Qb3 Rg8 21.Ng3 Qe6 22.Qd3 Rg6
23.Nf5 Rag8 24.g3 Nb6 25.Nxe7 Qxe7 26.b4 cxb4 27.Qxd4 Rd8 28.Qe4 Na4 29.Nh4 Rg5
30.Nf5 Qe6 31.Nd4 Qd5 32.e6 Nc5 33.Qxd5 Rgxd5 34.exf7 Kg7 35.Ne6+ Nxe6 36.Rxe6 Kxf7
37.Rxh6 Kg7 38.Re6 Rd1+ 39.Rxd1 Rxd1+ 40.Kg2 Kf7 41.Rh6 Kg8 42.Rh4 a5 43.Rc4 Rd2
44.Rc8+ Kf7 45.Rc7+ Kg6 46.Rxb7 Rxa2 47.g4 Ra3 48.f4 b3 49.h4 a4 50.h5+ Kf6
51.h6 Ra2+ 52.Kf3 Rc2 53.g5+ Ke6 54.Rb4 b2 55.g6 a3 56.f5+ Kd5 57.g7 Rc3+  0-1

[Event "SLO-ch"]
[Site "?"]
[Date "1992.??.??"]
[Round "?"]
[White "Barle, Janez"]
[Black "Jelen, Iztok"]
[Result "0-1"]
[WhiteElo "2455"]
[BlackElo "2430"]

1.Nf3 d5 2.c4 e6 3.b3 Nf6 4.Bb2 Be7 5.e3 O-O 6.Be2 c5 7.O-O Nc6 8.cxd5 Nxd5
9.Nc3 Bf6 10.Qb1 Nxc3 11.dxc3 b6 12.Rd1 Qe7 13.Nd2 Bb7 14.Ne4 Be5 15.f4 Bc7
16.Ng5 g6 17.Bf3 e5 18.Ne4 Rad8 19.c4 Rxd1+ 20.Qxd1 Rd8 21.Qb1 Nb4 22.a3 Nd3
23.Nf6+ Qxf6 24.Bxb7 Qe7 25.Bd5 Nxb2 26.Qxb2 exf4 27.exf4 Qe3+ 28.Qf2 Bxf4
29.g3 Qxf2+ 30.Kxf2 Be5 31.Re1 Bd4+ 32.Kf3 Rd7 33.Re8+ Kg7 34.Rb8 f5 35.Rb7 Rxb7
36.Bxb7 Kf6 37.a4 Ke5  0-1

[Event "Alekhine op"]
[Site "Smolensk"]
[Date "1992.??.??"]
[Round "2"]
[White "Godes, A."]
[Black "Lugovoi, Aleksei"]
[Result "1-0"]
[WhiteElo "2395"]
[BlackElo "2315"]

1.Nf3 d5 2.c4 e6 3.g3 dxc4 4.Qa4+ Nd7 5.Bg2 a6 6.Qxc4 b5 7.Qc2 Bb7 8.a4 c5
9.O-O Ngf6 10.axb5 axb5 11.Rxa8 Qxa8 12.Nh4 Be7 13.Na3 b4 14.Bxb7 Qxb7 15.Nc4 O-O
16.Nf3 b3 17.Qd1 Qb5 18.d3 Nd5 19.Bd2 Bf6 20.e4 N5b6 21.e5 Be7 22.Bg5 Bxg5
23.Nxg5 Qc6 24.f4 Nxc4 25.dxc4 h6 26.Nf3 Rb8 27.Nd2 Rb4 28.Rf3 Nb6 29.Rd3 Nxc4
30.Rd8+ Kh7 31.Qb1+ g6 32.Ne4 h5 33.Nf6+ Kg7 34.Qd1 Nb6 35.Rg8+ Kh6 36.Rh8+ Kg7
37.Rh7+  1-0

[Event "Alekhine op"]
[Site "Smolensk"]
[Date "1992.??.??"]
[Round "4"]
[White "Godes, A."]
[Black "Filipenko, Alexander V"]
[Result "1-0"]
[WhiteElo "2395"]
[BlackElo "2390"]

1.Nf3 d5 2.c4 c6 3.g3 dxc4 4.Bg2 b5 5.O-O Bb7 6.b3 cxb3 7.Qxb3 e6 8.a4 b4
9.Ne5 a5 10.Bb2 Nf6 11.d4 Be7 12.Nd2 O-O 13.Rfc1 Ra6 14.Qc2 Nfd7 15.Nd3 Qb6
16.Nb3 Qa7 17.Ndc5 Nxc5 18.dxc5 Nd7 19.Be4 Qb8 20.Bxh7+ Kh8 21.Rd1 Nf6 22.Bd3 Ra8
23.Qc4 Rd8 24.Qh4+ Kg8 25.Bh7+ Kf8 26.Bc2 Kg8 27.Rxd8+ Bxd8 28.Rd1 e5 29.Rd6 e4
30.Bxf6 Bxf6 31.Qxe4 Kf8 32.Qh7 Qe8 33.Nd4 Qe5 34.Rd7 Ke8 35.Rxb7 Qxc5 36.Bb3  1-0

[Event "Alekhine op"]
[Site "Smolensk"]
[Date "1992.??.??"]
[Round "8"]
[White "Frog, Ilya"]
[Black "Karpatchev, Aleksandr"]
[Result "1/2-1/2"]
[WhiteElo "2350"]
[BlackElo "2410"]

1.Nf3 d5 2.c4 d4 3.e3 Nc6 4.exd4 Nxd4 5.Nxd4 Qxd4 6.Nc3 c6 7.d3 e5 8.Be3 Qd8
9.Be2 f5 10.f4 exf4 11.Bxf4 Bd6 12.Qd2 Nf6 13.d4 O-O 14.c5 Ne4 15.Nxe4 Bxf4
16.Qxf4 fxe4 17.Qe3 Be6 18.O-O-O a5 19.Kb1 a4 20.Rc1 a3 21.b3 Bd5 22.Rhf1 Qh4
23.h3 h6 24.Kc2 Rad8 25.Bc4 Qe7 26.Rce1 Kh8 27.Bxd5 cxd5 28.b4 Qd7 29.Rxf8+ Rxf8
30.Qe2 Qa4+ 31.Kc3 b6 32.Qc2 Qc6 33.Kb3 Ra8 34.Kc3 bxc5 35.bxc5 Qb5 36.Kd2 Ra4
37.Ke3 Rc4 38.Qd2 Qb8 39.Kf2 Rb4 40.Kg1 Rb2 41.Qc3 Rxa2 42.c6 Qb2 43.Qxb2 axb2
44.c7 Ra8 45.Rb1 Rc8 46.Rxb2 Rxc7 47.Rb8+ Kh7 48.Rd8 e3 49.Kf1 Rf7+ 50.Ke2 Rf2+
51.Kxe3 Rxg2 52.Kf4 Rf2+ 53.Kg4  1/2-1/2

[Event "Alekhine op"]
[Site "Smolensk"]
[Date "1992.??.??"]
[Round "9"]
[White "Zakharov, Alexander V"]
[Black "Furman, Boris"]
[Result "1-0"]
[WhiteElo "2365"]
[BlackElo "2230"]

1.Nf3 d5 2.c4 e6 3.d4 Nf6 4.Nc3 Bb4 5.Qa4+ Nc6 6.e3 O-O 7.Bd2 dxc4 8.Bxc4 Bd6
9.Rd1 e5 10.dxe5 Nxe5 11.Nxe5 Bxe5 12.e4 Qe7 13.O-O Ng4 14.h3 Nh2 15.Rfe1 Bxh3
16.gxh3 Nf3+ 17.Kf1 Nxe1 18.Bxe1 Qh4 19.Rd3 c6 20.Qd1 b5 21.Bb3 b4 22.Na4 Qxe4
23.Qf3 Qxf3 24.Rxf3 a5 25.Bd2 Rad8 26.Be3 Rd7 27.Rf5 Bd4 28.Nc5 Rd6 29.Bxd4 Rxd4
30.Ne6 g6 31.Nxd4 gxf5 32.Nxc6 Ra8 33.Ke2 Kg7 34.f4 a4 35.Bd5 a3 36.b3 Kf6
37.Nxb4 Rg8 38.Kf2 h5 39.Nd3 h4 40.Ne5 Rg3 41.Nf3 Rxh3 42.b4 Rh1 43.Ng1 Rh2+
44.Bg2 Ke6 45.Nf3 Rxg2+ 46.Kxg2 Kd5  1-0

[Event "Somerset op"]
[Site "Somerset"]
[Date "1992.??.??"]
[Round "?"]
[White "Friedman, Aviv"]
[Black "Bouzoukis, Charles"]
[Result "1-0"]
[WhiteElo "2295"]
[BlackElo "2250"]

1.Nf3 d5 2.c4 e6 3.d4 c6 4.Nc3 dxc4 5.a4 Bb4 6.e3 b5 7.Ne5 Bb7 8.Bd2 a5 9.Qg4 Kf8
10.Be2 Nf6 11.Qf4 Nbd7 12.axb5 Bxc3 13.Bxc3 cxb5 14.Nxd7+ Nxd7 15.Bf3 Bxf3
16.Qxf3 Ke7 17.d5 f6 18.dxe6 Nc5 19.O-O b4 20.Rfd1 Nd3 21.Bd4 Kxe6 22.Qc6+ Kf5
23.Qxc4 Nxb2 24.Bxb2 Qc8 25.Rd5+ Kg6 26.Qe4+ Kf7 27.Rad1 Ra7 28.Qd4 Qc7 29.Rc1 Qe7
30.Rd6 Rb8 31.Qd5+ Kf8 32.Bd4 Rc7 33.Rxc7 Qxc7 34.Bc5  1-0

[Event "St Petersburg"]
[Site "St Petersburg"]
[Date "1992.??.??"]
[Round "?"]
[White "Kochyev, Alexander"]
[Black "Savchenko, Stanislav"]
[Result "1/2-1/2"]
[WhiteElo "2495"]
[BlackElo "2500"]

1.Nf3 d5 2.c4 c6 3.d4 Nf6 4.e3 Bf5 5.Nc3 e6 6.Bd3 Bxd3 7.Qxd3 Nbd7 8.O-O Be7
9.e4 dxe4 10.Nxe4 Nxe4 11.Qxe4 O-O 12.Bf4 Qa5 13.Rfd1 Rad8 14.h3 Rfe8  1/2-1/2

[Event "St Petersburg op"]
[Site "St Petersburg"]
[Date "1992.??.??"]
[Round "?"]
[White "Novik, Maxim"]
[Black "Petelin, A."]
[Result "1-0"]
[WhiteElo "2420"]
[BlackElo "2365"]

1.Nf3 d5 2.c4 c6 3.g3 Nf6 4.Bg2 Nbd7 5.b3 e5 6.Bb2 e4 7.Nd4 c5 8.Nc2 d4 9.d3 exd3
10.Qxd3 Bd6 11.O-O Ne5 12.Qd2 Bg4 13.f4 Nc6 14.e4 dxe3 15.Nxe3 Nd4 16.Nxg4 Nxg4
17.Nc3 O-O 18.Nd5 h5 19.Rae1 Rc8 20.Qd1 g6 21.Bf3 f5 22.Bxg4 hxg4 23.Bxd4 cxd4
24.Re6 Kf7 25.Rfe1 Qd7 26.Kg2 Qxe6 27.Rxe6 Kxe6 28.Qxd4 b5 29.Qe3+ Kd7 30.Qxa7+ Ke6
31.Qe3+ Kf7 32.Qb6  1-0

[Event "St Petersburg-ch op"]
[Site "St Petersburg"]
[Date "1992.??.??"]
[Round "?"]
[White "Agrest, Evgenij"]
[Black "Orlov, Vassily"]
[Result "1/2-1/2"]
[WhiteElo "2485"]
[BlackElo "2245"]

1.Nf3 d5 2.c4 e6 3.d4 Nf6 4.Nc3 Nbd7 5.Qc2 Bb4 6.a3 Bxc3+ 7.Qxc3 Ne4 8.Qc2 a5
9.Nd2 Nxd2 10.Bxd2 O-O 11.e3 e5 12.cxd5 exd4 13.e4 Re8 14.O-O-O c6 15.f4 cxd5
16.e5 Qb6 17.Bd3 Nf8 18.Kb1 Bd7 19.Rc1 Rac8 20.Qd1 Ne6 21.Bf5 Rc5 22.Rxc5 Qxc5
23.Qb3 Bc6 24.Rc1 Qe7 25.g3 Nc5 26.Qb6 Ne4 27.Bxa5 d3 28.Qd4 f6 29.Bb4 fxe5
30.Qxd3 Qf6 31.Bxe4 dxe4 32.Qe3 exf4 33.gxf4 Qd8 34.Re1 Qd3+ 35.Qxd3 exd3
36.Rxe8+ Bxe8 37.Kc1 Kf7  1/2-1/2

[Event "St Petersburg op"]
[Site "St Petersburg"]
[Date "1992.??.??"]
[Round "?"]
[White "Blechzin, Igor"]
[Black "Khropov, Boris"]
[Result "0-1"]
[WhiteElo "2320"]
[BlackElo "2205"]

1.Nf3 d5 2.c4 c6 3.b3 Nf6 4.Bb2 Bg4 5.Ne5 Bf5 6.g3 Nbd7 7.Bg2 e6 8.Nxd7 Qxd7
9.d3 Bd6 10.O-O Qe7 11.Nd2 Ba3 12.Qc1 Bxb2 13.Qxb2 O-O 14.b4 e5 15.e4 dxe4
16.dxe4 Be6 17.Qc3 Rad8 18.Nb3 Bc8 19.h3 h5 20.h4 Nh7 21.Nd2 Bg4 22.Nf3 f6
23.c5 Rd7 24.Rad1 Rfd8 25.Qc2 Nf8 26.Rxd7 Qxd7 27.Nh2 Qd2 28.Qxd2 Rxd2 29.Ra1 Be2
30.Bh3 Rd4 31.a3 Rxe4 32.Re1 Bd3 33.Rxe4 Bxe4 34.Bc8 b6 35.cxb6 axb6 36.a4 Kf7
37.Nf1 Ke7 38.Ne3 Kd8 39.Ba6 Ne6 40.Be2 g6 41.f3 Nd4 42.fxe4 Nxe2+ 43.Kg2 Nc3
44.a5 bxa5 45.bxa5 Nxe4 46.Nc4 Nc5 47.Nd6 Kd7 48.Nc4 Ke6 49.Kf3 Kd5 50.Nb6+ Ke6
51.Ke3 g5 52.hxg5 fxg5 53.Kf3 e4+ 54.Ke3 Kf5 55.Nc4 Kg4 56.Nd6 Kxg3 57.Nxe4+ Nxe4  0-1

[Event "Subotica Palic"]
[Site "Subotica"]
[Date "1992.??.??"]
[Round "?"]
[White "Mijailovic, Zoran"]
[Black "Drasko, Milan"]
[Result "1/2-1/2"]
[WhiteElo "2345"]
[BlackElo "2525"]

1.Nf3 d5 2.c4 d4 3.b4 g6 4.g3 Bg7 5.d3 e5 6.Bg2 Ne7 7.O-O O-O 8.Nbd2 a5 9.bxa5 Nec6
10.Nb3 Nxa5 11.Nxa5 Rxa5 12.Nd2 b6 13.Nb3 Ra4 14.Bb2 Bd7 15.e3 c5 16.exd4 exd4
17.Re1 Ra7 18.Nd2 Bc6 19.a3 g5 20.Qh5 Bxg2 21.Kxg2 Nd7 22.Qf3 Ne5 23.Qf5 Qf6
24.Qxf6 Bxf6 25.Ne4 Nxd3 26.Nxf6+ Kg7 27.Re8 Rxe8 28.Nxe8+ Kf8 29.Bxd4 cxd4
30.Nf6 Kg7 31.Nd5 Nb2 32.Nxb6 d3 33.Nd5 Nxc4 34.a4 g4 35.Rd1 Ne5 36.Nf4 Rd7
37.Kf1 Kf6 38.a5 d2 39.Ke2 Nc4 40.a6 Rd6 41.a7 Ra6 42.Nd5+  1/2-1/2

[Event "Suhr op"]
[Site "Suhr"]
[Date "1992.??.??"]
[Round "9"]
[White "Cvitan, Ognjen"]
[Black "Costa, Jean Luc"]
[Result "1/2-1/2"]
[WhiteElo "2505"]
[BlackElo "2425"]

1.Nf3 d5 2.c4 e6 3.d4 Nf6 4.Nc3 dxc4 5.e3 a6 6.a4 c5 7.Bxc4 Nc6 8.O-O Be7
9.Qe2 O-O 10.Rd1 Qc7 11.h3 b6 12.d5 exd5 13.Nxd5 Nxd5 14.Bxd5 Bb7 15.e4 Nb4
16.Bxb7 Qxb7 17.Bd2 Nc6 18.e5 Qc8 19.Qe4 Nb8 20.Qg4  1/2-1/2

[Event "Sydney op"]
[Site "Sydney"]
[Date "1992.??.??"]
[Round "9"]
[White "Hacche, David"]
[Black "Wallace, John Paul"]
[Result "1-0"]
[WhiteElo "2295"]
[BlackElo "2270"]

1.Nf3 d5 2.c4 e6 3.g3 g6 4.Bg2 Bg7 5.O-O Ne7 6.Nc3 O-O 7.cxd5 exd5 8.d3 b6
9.Bf4 Bb7 10.Rc1 c6 11.Qd2 Nd7 12.Rfd1 Nc5 13.e4 Ne6 14.Bh6 dxe4 15.dxe4 Qxd2
16.Bxd2 c5 17.Ne1 Rfd8 18.Be3 Nc6 19.Nd3 c4 20.Nf4 Nxf4 21.gxf4 Nb4 22.e5 Bxg2
23.Kxg2 Nd3 24.Rc2 Bf8 25.Rb1 Be7 26.Nb5 Rdc8 27.a4 f6 28.exf6 Bxf6 29.Nd6 Rc6
30.Nxc4 Nxb2 31.Rbxb2 Rxc4 32.Ra2 Bc3 33.Rc1 Rac8 34.Rac2 Rxa4 35.Rxc3 Rxc3
36.Rxc3 b5  1-0

[Event "Tashkent"]
[Site "Tashkent"]
[Date "1992.??.??"]
[Round "?"]
[White "Nadyrhanov, S."]
[Black "Barsov, Alexei"]
[Result "0-1"]
[WhiteElo "2445"]
[BlackElo "2400"]

1.Nf3 d5 2.c4 e6 3.b3 Nf6 4.g3 d4 5.Bg2 c5 6.O-O Nc6 7.e3 Bd6 8.exd4 cxd4
9.d3 h6 10.Na3 O-O 11.Nc2 e5 12.b4 Re8 13.Ba3 a6 14.Nd2 Bf5 15.Qe2 Qd7 16.Rfe1 b5
17.Ne4 Nxe4 18.Bxe4 Rac8 19.Rac1 Bf8 20.Rcd1 Bxe4 21.Qxe4 f5 22.Qf3 bxc4
23.dxc4 e4 24.Qb3 d3 25.Bb2 Qf7 26.Nd4 Nxd4 27.Bxd4 Qxc4 28.Qb2 Qxb4 29.Qa1 d2
30.Rf1 Red8 31.Be3 Bc5 32.Qe5 Bxe3 33.fxe3 Qc5 34.Qe6+ Kh8 35.Rxf5 Qxe3+
36.Rf2 Rc1 37.Qg4 Rf8  0-1

[Event "Tilburg"]
[Site "Tilburg"]
[Date "1992.??.??"]
[Round "2"]
[White "Krnic, Zdenko"]
[Black "Petursson, Margeir"]
[Result "1/2-1/2"]
[WhiteElo "2430"]
[BlackElo "2565"]

1.Nf3 d5 2.c4 c6 3.b3 Bg4 4.Bb2 e6 5.d3 Nd7 6.Nbd2 Ngf6 7.g3 Bxf3 8.Nxf3 Bb4+
9.Nd2 Qb6 10.Qc2 Nc5 11.Bc3 a5 12.a3 Bxc3 13.Qxc3 O-O 14.Bg2 Rfd8 15.O-O d4
16.Qc2 e5 17.Rab1 Qc7 18.Ra1 Qb6 19.Rfb1 Ra7 20.Ra2 Rda8 21.Rab2 Qc7 22.Ra2 h6
23.Rba1 Qb6  1/2-1/2

[Event "Tilburg rapid"]
[Site "Tilburg"]
[Date "1992.??.??"]
[Round "4"]
[White "Polugaevsky, Lev"]
[Black "Serper, Grigory"]
[Result "0-1"]
[WhiteElo "2640"]
[BlackElo "2575"]

1.Nf3 d5 2.c4 e6 3.g3 dxc4 4.Bg2 a6 5.a4 b6 6.Qc2 Bb7 7.Qxc4 c5 8.O-O Nf6
9.Nc3 Nc6 10.d3 Be7 11.Bd2 O-O 12.Qb3 Rc8 13.Rac1 Na5 14.Qc2 Nc6 15.Qb1 Rc7
16.Bf4 Rd7 17.Rfd1 Qa8 18.e4 Rfd8 19.Na2 h6 20.h3 Nh7 21.Be3 Ng5 22.Ne1 Nd4
23.Bxd4 Rxd4 24.h4 Nh7 25.b4 cxb4 26.Nf3 R4d6 27.Nxb4 Bxe4 28.dxe4 Rxd1+
29.Rxd1 Rxd1+ 30.Qxd1 Bxb4 31.Ne5 Bc3 32.Nd7 b5 33.axb5 axb5 34.Nc5 Qc8 35.Nd3 Qc4
36.Qc2 b4 37.Nc1 Nf6 38.Nb3 h5 39.Nd2 Qe2  0-1

[Event "Morava-ch U20 Girls"]
[Site "Valtice"]
[Date "1992.??.??"]
[Round "6"]
[White "Mikoskova, J."]
[Black "Cerna, Olga"]
[Result "0-1"]
[WhiteElo "2005"]
[BlackElo "1805"]

1.Nf3 d5 2.c4 e6 3.g3 Nf6 4.Bg2 Be7 5.O-O O-O 6.b3 b6 7.Bb2 Bb7 8.Qc2 c5
9.cxd5 exd5 10.d4 Nc6 11.Nbd2 Rc8 12.dxc5 bxc5 13.Ne5 Nb4 14.Qd1 Qb6 15.Bc3 Rfd8
16.Bxb4 Qxb4 17.Nd3 Qb6 18.Rb1 Ba6 19.Qc2 Qa5 20.Bh3 Rc7 21.Nf3 h6 22.Rfc1 Bd6
23.Qd2 Qxd2 24.Nxd2 c4 25.Ne1 c3 26.Ndf3 Bxe2 27.Nd4 Ba6 28.b4 Ne4 29.b5 Bb7
30.Nef3 Bc5 31.Bg2 Bxd4 32.Nxd4 Rc4 33.Bxe4 Rxd4 34.Bg2 Rc8 35.Bh3 Rc7 36.Bf5 g6
37.Bc2 Rd2 38.a4 d4 39.Bb3 d3 40.Ra1 Rb2 41.Bd1 c2  0-1

[Event "Warsaw op"]
[Site "Warsaw"]
[Date "1992.??.??"]
[Round "7"]
[White "Adamski, Jan"]
[Black "Ruchieva, Natalia"]
[Result "0-1"]
[WhiteElo "2375"]
[BlackElo "2235"]

1.Nf3 d5 2.c4 dxc4 3.e3 Nf6 4.Bxc4 a6 5.d4 e6 6.O-O c5 7.Bd3 Nc6 8.Nc3 Qc7
9.a3 Bd6 10.dxc5 Bxc5 11.b4 Bd6 12.Bb2 Ng4 13.h3 Nge5 14.Nxe5 Bxe5 15.f4 Bf6
16.Rc1 O-O 17.Nb5 Qe7 18.Bxf6 Qxf6 19.Nc7 Rb8 20.Nxa6 Ra8 21.Qc2 h6 22.Qc3 Qxc3
23.Rxc3 bxa6 24.Rxc6 Rd8 25.Be2 Rd2 26.Rf2 Ra2 27.Bf3 Ra1+ 28.Rf1 Rxf1+ 29.Kxf1 Bb7
30.Rb6 Bxf3 31.gxf3 Ra7 32.Ke2 Kh7 33.a4 Kg6 34.a5 Kh5 35.Rb8 Kh4 36.Kd3 Kxh3
37.Rg8 g6 38.Rh8 h5 39.Rb8 h4 40.Rh8 Kg3 41.Kc4 Rc7+ 42.Kd4 h3  0-1

[Event "Werfen blitz"]
[Site "Werfen"]
[Date "1992.??.??"]
[Round "1"]
[White "Sommerbauer, Norbert"]
[Black "Neckar, Lubomir"]
[Result "1/2-1/2"]
[WhiteElo "2310"]
[BlackElo "2360"]

1.Nf3 d5 2.c4 e6 3.b3 Nf6 4.g3 Be7 5.Bg2 O-O 6.O-O c5 7.Bb2 Nc6 8.e3 Qa5
9.d3 Rd8 10.Qe2 Bd7 11.e4 dxe4 12.dxe4 Be8 13.e5 Nd7 14.Nc3 Nd4 15.Nxd4 cxd4
16.Nb5 d3 17.Qxd3 a6 18.Nd4 Nxe5 19.Qc3 Bb4  1/2-1/2

[Event "Werfen blitz"]
[Site "Werfen"]
[Date "1992.??.??"]
[Round "2"]
[White "Neckar, Lubomir"]
[Black "Hager, Franz"]
[Result "1-0"]
[WhiteElo "2360"]
[BlackElo "2295"]

1.Nf3 d5 2.c4 e6 3.g3 Nf6 4.Bg2 c5 5.cxd5 Nxd5 6.O-O Nc6 7.d4 Bd7 8.e4 Nb6
9.d5 Nb4 10.Nc3 exd5 11.exd5 Be7 12.a3 Na6 13.d6 Bf6 14.Re1+ Be6 15.Ne4 O-O
16.Nxf6+ Qxf6 17.Ng5 Bc8 18.Be4 g6 19.Bg2 Rb8 20.Ne4 Qg7 21.Bd2 Bd7 22.Bc3 f6
23.Nxf6+ Rxf6 24.Re7 Qf8 25.Bd5+ Nxd5 26.Qxd5+ Be6 27.Rxe6 Rxe6 28.Qxe6+  1-0

[Event "Werfen blitz"]
[Site "Werfen"]
[Date "1992.??.??"]
[Round "4"]
[White "Sommerbauer, Norbert"]
[Black "Hager, Franz"]
[Result "0-1"]
[WhiteElo "2310"]
[BlackElo "2295"]

1.Nf3 d5 2.c4 c6 3.cxd5 cxd5 4.d4 Nc6 5.Nc3 Nf6 6.Bf4 Bf5 7.e3 e6 8.Qb3 Bb4
9.Bb5 Qa5 10.O-O O-O 11.Bxc6 bxc6 12.Bc7 Qxc7 13.Qxb4 Rab8 14.Qa3 Nd7 15.Rfc1 Rfc8
16.Na4 Qa5 17.Qd6 Qxa4 18.b3 Qa5 19.Qxd7 c5 20.Ne5 Rc7 21.Nc6 Rxd7 22.Nxa5 cxd4
23.exd4 f6 24.f4 Rb4 25.Rc8+ Kf7 26.Nc6 Rb6 27.Rc1 Kg6 28.Rc5 Bd3 29.Kf2 h5
30.Ke3 Ba6 31.Rd8 Rxd8 32.Nxd8 Bf1 33.Kf2 Bd3 34.Ra5 a6 35.Rc5 Kf5 36.Ke3 Bb1
37.Ra5 g5 38.fxg5 Kxg5 39.b4 Be4 40.g3 Kg4 41.a3 Kh3 42.Rc5 Kxh2 43.Kf4 e5+
44.dxe5 fxe5+ 45.Kxe5 Kxg3 46.Ne6 h4 47.Rc3+ Kg4 48.Nf4 Rb8 49.Nxd5 Re8+
50.Kd4 Bxd5 51.Kxd5 h3 52.Rc7 Rh8 53.Rc1 Rd8+ 54.Ke5 h2 55.Rc4+ Kg5 56.Rc1 Rd2
57.a4 Kg4 58.Rb1 Rg2 59.Rh1 Kg3 60.Kd5 Ra2 61.Kc4 Kg2 62.Rb1 h1=Q 63.Rxh1 Kxh1
64.Kb3 Ra1 65.b5 a5  0-1

[Event "Wisla BES op"]
[Site "Wisla"]
[Date "1992.??.??"]
[Round "1"]
[White "Rymaszewski, Dariusz"]
[Black "Serper, Grigory"]
[Result "0-1"]
[WhiteElo "2230"]
[BlackElo "2540"]

1.Nf3 d5 2.c4 e6 3.d4 Nf6 4.Nc3 Bb4 5.cxd5 exd5 6.Bg5 Nbd7 7.Bxf6 Qxf6 8.Qb3 Qd6
9.e3 O-O 10.Be2 c6 11.O-O Re8 12.Rac1 Ba5 13.Qc2 Nf8 14.a3 Bxc3 15.Qxc3 Bg4
16.Rfe1 Ng6 17.Nd2 Bxe2 18.Rxe2 Nh4 19.b4 Qg6 20.f3 Re6 21.e4 f5 22.e5 f4
23.a4 Rf8 24.Nf1 Rf5 25.b5 Rg5 26.Rcc2 Qf5 27.bxc6 bxc6 28.Kh1 Reg6 29.e6 Rxe6
30.Rxe6 Qxe6 31.Qb2 h6 32.Qb8+ Kh7 33.Qxf4 Qg6  0-1

[Event "Wisla BES op"]
[Site "Wisla"]
[Date "1992.??.??"]
[Round "1"]
[White "Wojtkiewicz, Aleksander"]
[Black "Helis, Tadeusz"]
[Result "1-0"]
[WhiteElo "2495"]
[BlackElo "2215"]

1.Nf3 d5 2.c4 e6 3.g3 Nf6 4.Bg2 dxc4 5.Ne5 Be7 6.Nxc4 O-O 7.O-O c5 8.Nc3 a6
9.a4 Nc6 10.a5 Rb8 11.d3 Nd5 12.Bd2 Re8 13.Re1 Bf6 14.Na4 Be7 15.Nab6 Bf6
16.Rb1 Ndb4 17.Qa4 e5 18.Nxc8 Rxc8 19.Bxb4 cxb4 20.Nb6 Rc7 21.Bxc6 Rxc6 22.Qxb4 Be7
23.Qe4 Bc5 24.Nc4 f5 25.Qg2 e4 26.Red1 Qf6 27.e3 Bb4 28.b3 Rc5 29.dxe4 fxe4
30.Nd6 Qe7 31.Nxe8 Qxe8 32.Rd4 Bxa5 33.Qxe4 Re5 34.Qxb7  1-0